Statistics for Jugoslavija na SP i EP u fudbalu

Click here to take the quiz!

General Stats

  • This quiz has been taken 171 times
    (150 since last reset)
  • The average score is 69 of 128

Answer Stats

yearnoposteamplayer% Correct
1990 FIFA World Cup10MFCrvena ZvezdaDragan Stojković
90%
1992 UEFA Euro10MFMarseilleDragan Stojković
90%
2000 UEFA Euro10MFNagoyaDragan Stojković
90%
1984 UEFA Euro16MFRadnički NišDragan Stojković
90%
1998 FIFA World Cup10MFNagoyaDragan Stojković
90%
1982 FIFA World Cup5DFPartizanNenad Stojković
87%
1984 UEFA Euro2DFPartizanNenad Stojković
87%
2000 UEFA Euro9FWReal ZaragozaSavo Milošević
79%
1998 FIFA World Cup17FWAston VillaSavo Milošević
79%
1992 UEFA Euro11MFCrvena ZvezdaSiniša Mihajlović
79%
2000 UEFA Euro11DFLazioSiniša Mihajlović
79%
1998 FIFA World Cup11DFSampdoriaSiniša Mihajlović
79%
1990 FIFA World Cup9FWCrvena ZvezdaDarko Pančev
77%
1990 FIFA World Cup19MFCrvena ZvezdaDejan Savićević
77%
1992 UEFA Euro8MFCrvena ZvezdaDejan Savićević
77%
1998 FIFA World Cup8MFMilanDejan Savićević
77%
2000 UEFA Euro6MFLazioDejan Stanković
77%
1998 FIFA World Cup20MFCrvena ZvezdaDejan Stanković
77%
2000 UEFA Euro22GKPSVIvica Kralj
77%
1998 FIFA World Cup1GKPartizanIvica Kralj
77%
1990 FIFA World Cup15MFCrvena ZvezdaRobert Prosinečki
76%
1982 FIFA World Cup13FWSarajevoSafet Sušić
76%
1990 FIFA World Cup8MFPSGSafet Sušić
76%
1984 UEFA Euro9MFPSGSafet Sušić
76%
2000 UEFA Euro19MFMallorcaJovan Stanković
74%
1998 FIFA World Cup9FWReal MadridPredrag Mijatović
72%
1992 UEFA Euro9FWPartizanPredrag Mijatović
72%
2000 UEFA Euro8FWFiorentinaPredrag Mijatović
72%
1992 UEFA Euro7MFCrvena ZvezdaVladimir Jugović
69%
1998 FIFA World Cup7MFLazioVladimir Jugović
69%
2000 UEFA Euro7MFInterVladimir Jugović
69%
1998 FIFA World Cup22FWReal SociedadDarko Kovačević
67%
2000 UEFA Euro18FWJuventusDarko Kovačević
67%
1998 FIFA World Cup15MFPortoLjubinko Drulović
67%
2000 UEFA Euro17MFPortoLjubinko Drulović
67%
2000 UEFA Euro20FWPartizanMateja Kežman
66%
1982 FIFA World Cup7MFCrvena ZvezdaVladimir Petrović
66%
1998 FIFA World Cup16DFUrawaŽeljko Petrović
63%
1990 FIFA World Cup20FWDinamoDavor Šuker
62%
1984 UEFA Euro12GKCrvena ZvezdaTomislav Ivković
62%
1990 FIFA World Cup1GKSporting LisbonTomislav Ivković
62%
1982 FIFA World Cup11FWHajdukZlatko Vujović
62%
1984 UEFA Euro11FWHajdukZlatko Vujović
62%
1990 FIFA World Cup11FWPSGZlatko Vujović
62%
1998 FIFA World Cup2DFAtalantaZoran Mirković
62%
1982 FIFA World Cup9DFHajdukZoran Vujović
62%
1998 FIFA World Cup5DFValenciaMiroslav Đukić
61%
2000 UEFA Euro5DFValenciaMiroslav Đukić
61%
1992 UEFA Euro4MFPartizanSlaviša Jokanović
61%
2000 UEFA Euro4MFDeportivoSlaviša Jokanović
61%
1998 FIFA World Cup4MFTenerifeSlaviša Jokanović
61%
1990 FIFA World Cup17MFHajdukRobert Jarni
60%
1992 UEFA Euro6MFPartizanBranko Brnović
57%
1998 FIFA World Cup6MFEspanyolBranko Brnović
57%
1990 FIFA World Cup7MFMetzDragoljub Brnović
57%
1984 UEFA Euro13DFSarajevoFaruk Hadžibegić
57%
1990 FIFA World Cup5DFSochauxFaruk Hadžibegić
57%
2000 UEFA Euro3DFCelta VigoGoran Đorović
56%
1998 FIFA World Cup3DFCelta VigoGoran Đorović
56%
1990 FIFA World Cup12GKPartizanFahrudin Omerović
55%
1992 UEFA Euro12GKPartizanFahrudin Omerović
55%
1990 FIFA World Cup16MFCrvena ZvezdaRefik Šabanadžović
55%
1998 FIFA World Cup13DFMSV DuisburgSlobodan Komljenović
55%
2000 UEFA Euro13DFKaiserslauternSlobodan Komljenović
55%
1990 FIFA World Cup13MFSampdoriaSrečko Katanec
55%
1984 UEFA Euro4DFOlimpijaSrečko Katanec
55%
2000 UEFA Euro21MFOviedoAlbert Nađ
52%
2000 UEFA Euro16MFRKC WaalwijkDejan Govedarica
52%
1998 FIFA World Cup18MFLecceDejan Govedarica
52%
1990 FIFA World Cup14FWHajdukAlen Bokšić
51%
1984 UEFA Euro10MFŽeljezničarMehmed Baždarević
51%
1984 UEFA Euro7MFCrvena ZvezdaMiloš Šestić
51%
1982 FIFA World Cup16FWCrvena ZvezdaMiloš Šestić
51%
1982 FIFA World Cup1GKBordeauxDragan Pantelić
49%
1982 FIFA World Cup20MFPSGIvica Šurjak
49%
1998 FIFA World Cup21FWCrvena ZvezdaPerica Ognjenović
49%
1992 UEFA Euro5DFCrvena ZvezdaIlija Najdoski
47%
2000 UEFA Euro2DFCrvena ZvezdaIvan Dudić
46%
1992 UEFA Euro2DFPartizanVujadin Stanojković
46%
1990 FIFA World Cup2DFPartizanVujadin Stanojković
46%
1984 UEFA Euro1GKHajdukZoran Simović
46%
1990 FIFA World Cup6DFCesenaDavor Jozić
45%
1998 FIFA World Cup12GKSporting GijónDragoje Leković
45%
1990 FIFA World Cup22GKBudućnostDragoje Leković
45%
1992 UEFA Euro1GKCrvena ZvezdaDragoje Leković
45%
1984 UEFA Euro8MFHajdukIvan Gudelj
45%
1982 FIFA World Cup3MFHajdukIvan Gudelj
45%
1984 UEFA Euro6DFPartizanLjubomir Radanović
45%
1990 FIFA World Cup3DFPartizanPredrag Spasić
44%
2000 UEFA Euro12GKLas PalmasŽeljko Cicović
43%
1992 UEFA Euro14MFRadnički NišDejan Petković
41%
1992 UEFA Euro20DFCrvena ZvezdaDuško Radinović
41%
1998 FIFA World Cup14DFBordeauxNiša Saveljić
41%
2000 UEFA Euro14DFBordeauxNiša Saveljić
41%
1982 FIFA World Cup14DFBudućnostNikola Jovanović
39%
1992 UEFA Euro17MFPartizanDžoni Novak
38%
2000 UEFA Euro1GKObilićMilorad Korać
38%
2000 UEFA Euro15DFCrvena ZvezdaGoran Bunjevčević
37%
1992 UEFA Euro15DFPartizanGordan Petrić
37%
1982 FIFA World Cup19FWNantesVahid Halilhodžić
37%
1982 FIFA World Cup4DFDinamo ZagrebVelimir Zajec
37%
1984 UEFA Euro5DFDinamoVelimir Zajec
37%
1990 FIFA World Cup4DFMallorcaZoran Vulić
36%
1992 UEFA Euro16DFPartizanDarko Milanič
34%
1998 FIFA World Cup19MF1860 MunichMiroslav Stević
34%
1982 FIFA World Cup8MFNiceEdhem Šljivo
33%
1990 FIFA World Cup18DFSionMirsad Baljić
33%
1984 UEFA Euro3DFŽeljezničarMirsad Baljić
33%
1992 UEFA Euro18MFPartizanSlobodan Krčmarević
33%
1982 FIFA World Cup6DFCrvena ZvezdaZlatko Krmpotić
33%
1990 FIFA World Cup21DFDinamoAndrej Panadić
32%
1982 FIFA World Cup22GKAntwerpRatko Svilar
32%
1984 UEFA Euro19FWDinamo VinkovciSulejman Halilović
32%
1982 FIFA World Cup12GKHajdukIvan Pudar
31%
1982 FIFA World Cup2DFRijekaIve Jerolimov
31%
1982 FIFA World Cup10FWPartizanZvonko Živković
31%
1984 UEFA Euro14DFCrvena ZvezdaMarko Elsner
30%
1992 UEFA Euro19FWAntwerpDragan Jakovljević
29%
1982 FIFA World Cup21MFSarajevoPredrag Pašić
29%
1984 UEFA Euro20MFDinamoBorislav Cvetković
28%
1992 UEFA Euro13DFPartizanBudimir Vujačić
26%
1984 UEFA Euro15DFHajdukBranko Miljuš
25%
1982 FIFA World Cup18FWDinamoStjepan Deverić
25%
1984 UEFA Euro18FWDinamoStjepan Deverić
25%
1982 FIFA World Cup17MFZürichJurica Jerković
24%
1984 UEFA Euro17FWHajdukJosip Čop
23%
1982 FIFA World Cup15DFRijekaMiloš Hrstić
23%
1992 UEFA Euro3DFVfB StuttgartSlobodan Dubajić
22%

Score Distribution

Percentile by Number Answered

Percent of People with Each Score

Your Score History

You have not taken this quiz since the last reset